Statystyki dla Quiz o Polsce

Kliknij tutaj aby rozwiązać quiz!

Ogólne statystyki

  • Ten quiz został rozwiązany 144 razy
  • Średni wynik to 15 z 16

Statystyki odpowiedzi

Odpowiedź% Poprawnych
Największe miasto: | Stolica:Warszawa
100%
Drugie największe miasto:Kraków
99%
Pełna nazwa państwa:Rzeczpospolita Polska
98%
Prezydnent:Andrzej Duda
98%
Hymn państwowy:Mazurek Dąbrowskiego
97%
Premier:Mateusz Morawiecki
95%
Największy sąsiad:Rosja
95%
Największe województwo (powierzchnia):Mazowieckie
95%
Najmniejszy sąsiad:Litwa
94%
Trzecie największe miasto:Łódź
90%
Liczba ludności (przybliżona):38
89%
Najmniejsze województwo (powierzchnia):Opolskie
88%
Podział administracyjny:Województwa
85%
Ustrój:Demokracja
80%
Powierzchnia (zaokrąglona):312
53%

Rozkład punktacji

Percentyl według liczby udzielonych odpowiedzi

Procent ludzi z każdym wynikiem

Twoja historia wyników

Nie rozwiązałeś tego quizu